An introduction to CR structures

Αποθηκεύτηκε σε:
Λεπτομέρειες βιβλιογραφικής εγγραφής
Κύριος συγγραφέας: Jacobowitz, Howard 1944-
Μορφή: Βιβλίο
Γλώσσα:English
Δημοσίευση: Providence, R.I. : American Mathematical Society, c1990
Σειρά:Mathematical surveys and monographs ; ; 32
Θέματα:
Ετικέτες: Προσθήκη ετικέτας
Δεν υπάρχουν, Καταχωρήστε ετικέτα πρώτοι!

MARC

LEADER 00000cam a2200000 i 4500
001 1/46711
008 941103s1990 eng d
020 |a 0821815334 
035 |l 10042870 
035 |a 1993 
040 |a GR-MY-UA  |b gre  |e aacr 
041 0 |a eng 
082 0 |a 516.36 
100 1 |a Jacobowitz, Howard  |d 1944- 
245 1 3 |a An introduction to CR structures /  |c Howard Jacobowitz 
260 |a Providence, R.I. :   |b American Mathematical Society,   |c c1990 
300 |a x, 237 p.;  |b ill.;  |c 27 cm 
490 1 |a Mathematical surveys and monographs  |v ; 32 
504 |a Includes bibliographical references (p. 233-235) and index 
650 0 0 |a CR submanifolds. 
650 0 0 |a Geometry, Differential. 
830 0 |a Mathematical surveys and monographs ;  |v ; 32 
852 |a INST  |b SAMOS  |e 19941103  |h 516.36 JAC  |p 005300007251  |q 005300007251  |t BK  |y 0 
909 |a Σ  |b 030474